Statistiques concernant Mots mêlés 🔍 de Pays 🌍 - #3

Cliquez ici pour prendre le quiz!

Statistiques générales

  • Ce quiz a été pris 2 533 fois
  • Le résultat moyen est 11 sur 22

Réponses sur la Carte

Les réponses sont colorées sur une échelle allant du rouge au vert en fonction du pourcentage des utilisateurs qui les ont devinées à leur premier essai. Vous pouvez retrouver ces pourcentages ci-dessous.
 

Statistiques - réponses

Réponse% Correct
Soudan
96%
Norvege
95%
Birmanie
89%
Lesotho
77%
Yémen
74%
Tunisie
68%
Luxembourg
61%
Bresil
59%
Belize
57%
Autriche
56%
Niger
53%
Paraguay
49%
Vatican
44%
Canada
41%
Brunei
40%
Hongrie
37%
Samoa
37%
Uruguay
36%
Grèce
27%
Gambie
21%
Benin
16%
Niue
3%

Distribution des résultats

Percentile par nombre de réponses

% des personnes avec chaque résultat

Votre développement - résultats

Vous n’avez pas pris ce quiz